A-Z: Answers containing "Air" - Statistics

General Stats
  • This quiz has been taken 10 times
  • The average score is 14 of 26
Answer Stats
Initial Clue Answer % Correct
E Creamy French pastry treat topped with icing Eclair
100%
R Fix Repair
100%
S Card game with only one player Solitaire
100%
W Transportation device for the disabled Wheelchair
100%
B Surname of former British prime minister Tony Blair
90%
H Activity which involves shortening, tidying up and styling the material on our heads Haircut
90%
M Person with a certain, very large, amount of money Millionaire
90%
N The capital of Kenya Nairobi
90%
V Satirical 1700s French writer of Candide and other books Voltaire
90%
Z The former name of the D.R. Congo Zaire
90%
U Not just Unfair
80%
L Type of French soldier after whom a disease is named Legionnaire
70%
A European aircraft manufacturer Airbus
60%
F An outdoor area where an activity like a fete or carnival is held, with amusement rides for children Fairground
60%
I Decrease the quality of Impair
60%
D The lower part of a multi-storey house Downstairs
50%
G City between Dallas and Fort Worth whose name means a magnificent grassland Grand Prairie
30%
C The fictional royal castle which serves as the capital of Narnia Cair Paravel
20%
K Desert city in northern Tunisia where an important mosque is located Kairouan
20%
P Pacific island which has the smallest population of any territory in the world (35) Pitcairn
20%
Q Village in Mauritius which was originally an army base Quartier Militaire
10%
J Luxury car? No, not in this town in India Jagnair
0%
O Ravioli roadie bro gets confused in Portuguese neighborhood where cricketer Basil may be found Oliveira do Bairro
0%
T Type of trees that are found in New Zealand Taraire
0%
X Colorado space telecoms company who work in the field of precision timing, using quantum clock synchronization and entangled photons Xairos
0%
Y Holy-sounding district of Toronto where the social gentry mix Yonge-St.Clair
0%
No matching quizzes found
Score Distribution
Percent of People with Each Score
Percentile by Number Answered
Your Score History
You have not taken this quiz